000 nam a22 a 4500
999 _c399417
_d399417
003 BLK
005 20230502092743.0
008 210301b bu |||||r|||| 00| | bu d
020 _a978-954-399-286-7
040 _aBLK
041 _aBUL
_cBUL
080 _aАмериканска литература (на САЩ)
_b821.111(73)
_x-31
_z821.111(73)-31
100 _91299
_aАлкот, Кейт
_eпърви автор
_qО'Брайън, Патрисия
139 _aАлкот, Кейт
_bА 55
245 _aШивачката
_bроман
_cКейт Алкот ; прев. от англ. Красимира Абаджиева
257 _aUSA
260 _9219405
_aСофия
_bСББ Медиа
_c2019
_fСофия : Ропринт
_dСанома Блясък България
_n978-954-399-
300 _a206 с.
_c20 см
380 _aX
490 _9207069
_aСветовни бестселъри
500 _aОриг. загл.: The dressmaker / Kate Alcott. - Кейт Алкот - псевд. на авт. Patricia O'Brien. - 1. изд. 2012 на изд. Обсидиан. - Кн. се разпространява с изд. на SBB Media.
700 _aАбаджиева, Красимира Светославова
_9245496
852 _aЦб 306332
_bЦб
852 _bП
_c821-31/ А 55 К
856 _i0.00
_ldisable
942 _cKNG
_n0
_s1
_02
944 _aCR
_c2021-03-01
944 _aED
_c2023-03-28
_kир
999 _d399417